<?xml version="1.0" encoding="UTF-8"?>
<collection xmlns="http://www.loc.gov/MARC21/slim">
  <record>
    <leader>00000nam  2200000   4500</leader>
    <controlfield tag="001">INLIS000000000020298</controlfield>
    <controlfield tag="005">20250605111838</controlfield>
    <datafield tag="035" ind1="#" ind2="#">
      <subfield code="a">0010-0625000040</subfield>
    </datafield>
    <controlfield tag="007">ta</controlfield>
    <controlfield tag="008">250605################|##########|#|##</controlfield>
    <datafield tag="100" ind1=" " ind2="#">
      <subfield code="a">Nursaid</subfield>
    </datafield>
    <datafield tag="245" ind1="1" ind2="#">
      <subfield code="a">Kolaborasi Pendampingan : Akselerasi Mewujudkan Desa Mandiri /</subfield>
      <subfield code="c">Nursaid</subfield>
    </datafield>
    <datafield tag="260" ind1="#" ind2="#">
      <subfield code="a">Jakarta :</subfield>
      <subfield code="b">Pusbangkom Pimnas dan Manajerial ASN,</subfield>
      <subfield code="c">2024</subfield>
    </datafield>
    <datafield tag="300" ind1="#" ind2="#">
      <subfield code="a">80 halaman ;</subfield>
      <subfield code="c">30 cm</subfield>
    </datafield>
    <datafield tag="084" ind1="#" ind2="#">
      <subfield code="a">R 0016 PKN I 2024</subfield>
    </datafield>
    <datafield tag="650" ind1="#" ind2="4">
      <subfield code="a">Desa Mandiri</subfield>
    </datafield>
    <datafield tag="520" ind1="#" ind2="#">
      <subfield code="a">Kondisi pendampingan desa yang berjalan sendiri-sendiri mengakibatkan layanan pendampingan desa dan perdesaan belum berjalan secara optimal. Berangkat dari kondisi pendampingan yang demikian, maka gagasan sinegitas dan kolaborasi pendampingan dalam rangka akselerasi mewujudkan desa mandiri yang menjadi tema proyek perubahan ini, menjadi solusi untuk mengurai permasalahan pendampingan desa dan perdesaan.</subfield>
    </datafield>
    <datafield tag="990" ind1="#" ind2="#">
      <subfield code="a">2024/1.2.1/A/0016</subfield>
    </datafield>
  </record>
</collection>
